00306 a2200109 4500001000700000020000600007040001100013100001800024240007500042245007000117362000900187165425 a  cMagnum aAnderson, Bob10aEntrando em forma: programas de exercicios para homens e mulhereslpor10aEntrando em forma: programas de exercicios para homens e mulheres0 a1899